| Tag |
First Indicator |
Second Indicator |
Subfields |
| LEADER |
00000cam a2200000 4500 |
| 001 |
in00000061870 |
| 005 |
20151008051059.0 |
| 008 |
760311s1960 nyu 00000 eng |
| 010 |
|
|
|a 60005439
|
| 035 |
|
|
|a (OCoLC)02044538
|
| 035 |
|
|
|9 AAG5577AM
|
| 040 |
|
|
|a DLC
|c TOL
|d TXA
|d UtOrBLW
|
| 049 |
|
|
|a TXAM
|c [318612]
|
| 050 |
0 |
0 |
|a BR123
|b .L487
|
| 082 |
0 |
|
|a 204
|
| 092 |
|
|
|a 204
|b C673w
|
| 100 |
1 |
|
|a Lewis, C. S.
|q (Clive Staples),
|d 1898-1963.
|
| 245 |
1 |
4 |
|a The world's last night, and other essays.
|
| 250 |
|
|
|a [1st ed.].
|
| 264 |
|
1 |
|a New York :
|b Harcourt, Brace,
|c [1960]
|
| 264 |
|
4 |
|c [©1960]
|
| 300 |
|
|
|a 113 pages ;
|c 21 cm.
|
| 336 |
|
|
|a text
|b txt
|2 rdacontent
|
| 337 |
|
|
|a unmediated
|b n
|2 rdamedia
|
| 338 |
|
|
|a volume
|b nc
|2 rdacarrier
|
| 650 |
|
0 |
|a Christianity.
|
| 999 |
|
|
|a MARS
|
| 999 |
f |
f |
|s 7cbf286d-81a2-3eac-a2c3-d6292f32398f
|i 9bf7b5e2-1bb0-3596-81d3-79cdc8ce5e66
|t 0
|
| 952 |
f |
f |
|p normal
|a Texas A&M University
|b College Station
|c Sterling C. Evans Library
|d Evans: Library Stacks
|t 0
|e BR123 .L487
|h Library of Congress classification
|i unmediated -- volume
|m A14800598903
|
| 998 |
f |
f |
|a BR123 .L487
|t 0
|l Evans: Library Stacks
|